Does It Rhyme? - Statistics

General Stats
  • This quiz has been taken 22 times
  • The average score is 23 of 30
Answer Stats
Hint Answer % Correct
Bird | Word Rhyme
95%
Stink | Zinc Rhyme
95%
Stain | Reign Rhyme
95%
Doing | Going No rhyme
90%
Daughter | Laughter No rhyme
90%
Cloud | Mowed No rhyme
90%
Journal | Colonel Rhyme
90%
Chef | Deaf Rhyme
90%
Have | Grave No rhyme
86%
Queue | Through Rhyme
86%
Lean | Scene Rhyme
86%
Nation | Ration No rhyme
81%
Height | Weight No rhyme
81%
Moan | Gone No rhyme
81%
Give | Jive No rhyme
81%
Rile | Aisle Rhyme
81%
Hour | Shower Rhyme
81%
Twine | Malign Rhyme
81%
Nightie | Eighty No rhyme
76%
Chalet | Ballet Rhyme
76%
Tougher | Stuffer Rhyme
76%
Bury | Fury No rhyme
71%
Rhyming | Gymming No rhyme
71%
Pleasure | Seizure No rhyme
67%
Coughing | Roughing No rhyme
67%
Chic | Squeak Rhyme
67%
Versailles | Marseille No rhyme
57%
Gloucester | Worcester No rhyme
52%
Bureau | Thorough No rhyme
33%
Dublin | Lublin No rhyme
29%
No matching quizzes found
Score Distribution
Percent of People with Each Score
Percentile by Number Answered
Your Score History
You have not taken this quiz